000 00875naa a22002537u 4500
001 16542
003 HDC
007 cr bn ---aaaaa
008 210221t200903 xx 000 0 eng
040 _aHDC
100 _aRuzanna Muhammad,
_eauthor
_916299
245 2 _aA unified Halal Standard... Finally? /
_bby Ruzanna Muhammad
260 _a[No place] :
_b[publisher not identified],
_c2009
300 _a3 pages : illustrations
336 _atext
_2rdacontent
337 _acomputer
_2rdamedia
338 _aonline resource
_2rdacarrier
650 _aHalal food industry
_9127
650 _aInformation technology
_xManagement
_92100
856 _zRequest full-text at [email protected]
942 _2lcc
942 _cEIS
942 _kEMAG 000515
999 _c13858
_d13858